| 000 | 00332cam a22001217a 4500 | ||
|---|---|---|---|
| 008 | 180718b1973 xxu||||| |||| 00| 0 eng d | ||
| 082 | _aM253 M241 | ||
| 100 | _aMacpherson, C.B. | ||
| 245 |
_aDemocratic theory: essays in retrieval _cby C.B. Macpherson |
||
| 260 |
_aOxford _bClarendon _c1973 |
||
| 300 | _a255p. | ||
| 650 | _aDemocracy. | ||
| 999 |
_c348430 _d348430 |
||